| 000 | 00665nam a2200229 u 4500 | ||
|---|---|---|---|
| 005 | 20230909063623.0 | ||
| 008 | 150318s2006 ea r 000 0 spa d | ||
| 020 | _a043982172X | ||
| 035 | _aUPN01000202596 | ||
| 049 | _aI | ||
| 050 | 4 |
_aPZ10.3 _bB4.7 |
|
| 100 | 1 |
_aBerkeley, Jon, _d1962- _937176 |
|
| 245 | 1 | 0 |
_aPalitos / _cJon Berkeley. |
| 260 |
_aNew York : _bScholastic, _c2006. |
||
| 300 |
_a[28] p. : _bil. col. |
||
| 534 |
_pTitulo original: _tChopsticks |
||
| 650 | 0 |
_aRatones _vCuentos y leyendas _923551 |
|
| 650 | 2 |
_aDragones _vLiteratura infantil _911808 |
|
| 650 | 4 |
_aCuentos infantiles ingleses _910002 |
|
| 905 | _aInfantil | ||
| 999 |
_c174697 _d174697 |
||